000 00944cam a22002295a 4500
008 231020s2023 xxk fo 000 0 eng d
020 _a9781783215065
041 0 _aeng
110 2 _aRoyal Institution of Chartered Surveyors
_94900
245 0 0 _aRICS Valuation Global Standards 2023
_bUK National Supplement – showing changes from the 2018 edition
_h[electronic resource]
260 _aLondon,
_bRICS,
_c2023
300 _a164p.
490 0 _aRICS Professional Standard
490 _aRICS Red Book
520 _aThe updated 2023 edition of the Supplement showing changes in red from the 2018 edition
650 2 4 _aRED BOOK
650 2 4 _aGLOBAL VALUATION STANDARDS 2023
651 4 _aUnited Kingdom
690 _aValuation
_96273
856 4 0 _uhttps://www.rics.org/content/dam/ricsglobal/documents/standards/rics-valuation-global-standards-uk-national-supplement-oct23-red-line.pdf
_zAvailable free on RICS.org
942 _n0
_2ddc
999 _c121682
_d121682